000 00270pam a2200121 a 4500
020 _c
041 _aeng
100 _aSullivan.J.W,N.
245 _aLimitaion And Scirence
_hTextual Documents
260 _aNew York
_bPenguin Books Ltd
300 _a246p.
930 _a15252
999 _c92152
_d92152